Normal view
MARC view
- الاخلاق الاسلامية- تعلم وتعليم
Entry Topical Term
001 - CONTROL NUMBER
- control field: 40855
003 - CONTROL NUMBER IDENTIFIER
- control field: JO-AjAnu
005 - DATE AND TIME OF LATEST TRANSACTION
- control field: 20230606080803.0
008 - FIXED-LENGTH DATA ELEMENTS
- fixed length control field: 230606|| aca||aabn | a|a d
040 ## - CATALOGING SOURCE
- Original cataloging agency: JO-AjAnu
- Transcribing agency: JO-AjAnu
150 ## - HEADING--TOPICAL TERM
- Topical term or geographic name entry element: الاخلاق الاسلامية- تعلم وتعليم
670 ## - SOURCE DATA FOUND
- Source citation: Work cat.: (JO-AjAnu)20939: إعداد ناصر، إسكندري الفوزي موسى ناصر ؛ اشراف ابراهيم احمد الزعبي, author 40854, أساليب التربية الأخلاقية في الطريقة الشاذلية اليشرطية ومدى مراعاة معلمي المرحلة الثانوية لها في جزر القمر المتحدة